| 000 | 00485cam a2200193ua 4500 | ||
|---|---|---|---|
| 020 | _c17.50 | ||
| 041 |
_aeng _h |
||
| 082 |
_a546 _bMOE/IN |
||
| 100 | _aMoeller, Therald . | ||
| 245 |
_aInorganic chemistry: An advanced textbook / _cTherald Moeller. _hTextual Documents |
||
| 250 |
_a1 / _b. |
||
| 260 |
_aMumbai : _bAsia Publishing House , _c1966. |
||
| 300 | _a962 ; . | ||
| 365 | _a17.50 | ||
| 504 | _a | ||
| 942 | _cBK | ||
| 999 |
_c7547 _d7547 |
||